79 Japan

Uloženo v:
Podrobná bibliografie
Médium: Kniha
Jazyk:Undetermined
Vydáno: Tokyo Statistics Bureau
Témata:
Tagy: Přidat tag
Žádné tagy, Buďte první, kdo otaguje tento záznam!
Thư viện lưu trữ: Trung tâm Học liệu Trường Đại học Cần Thơ
LEADER 00362nam a2200145Ia 4500
001 CTU_79841
008 210402s9999 xx 000 0 und d
082 |a 330 
082 |b B356 
245 0 |a 79 Japan 
260 |a Tokyo 
260 |b Statistics Bureau 
650 |a Economics 
904 |i Trọng Hải 
980 |a Trung tâm Học liệu Trường Đại học Cần Thơ